Semitism (Record no. 750360)

MARC details
000 -LEADER
fixed length control field 00700nam a2200241Ia 4500
003 - CONTROL NUMBER IDENTIFIER
control field OSt
005 - DATE AND TIME OF LATEST TRANSACTION
control field 20220928113605.0
008 - FIXED-LENGTH DATA ELEMENTS--GENERAL INFORMATION
fixed length control field 220927b |||||||| |||| 00| 0 eng d
037 ## - SOURCE OF ACQUISITION
Terms of availability Annuals, Advances
040 ## - CATALOGING SOURCE
Original cataloging agency SDCL
Transcribing agency SDCL
Language of cataloging eng
041 ## - LANGUAGE CODE
Source of code eng
Language code of text/sound track or separate title eng
100 ## - MAIN ENTRY--PERSONAL NAME
Personal name Cragg Kenneth
9 (RLIN) 433959
245 #0 - TITLE STATEMENT
Title Semitism
Remainder of title The whence and whither 'How dear are your counsels'
260 ## - PUBLICATION, DISTRIBUTION, ETC.
Place of publication, distribution, etc. Brighton
Name of publisher, distributor, etc. Sussex Acadmic Press
Date of publication, distribution, etc. 2005
300 ## - PHYSICAL DESCRIPTION
Extent vii,214p
Dimensions cm.
650 ## - SUBJECT ADDED ENTRY--TOPICAL TERM
Topical term or geographic name entry element Judaism And Christianity
9 (RLIN) 433960
942 ## - ADDED ENTRY ELEMENTS (KOHA)
Classification part Q50j6, P5
Koha item type Reference
Source of classification or shelving scheme Colon Classification (CC)
Holdings
Withdrawn status Lost status Damaged status Not for loan Home library Current library Date acquired Total Checkouts Full call number Barcode Date last seen Price effective from Koha item type
        South Campus Library South Campus Library 2022-09-28   Q50j6 P5 SC1245620 2022-09-28 2022-09-28 Reference
Copyright @ Delhi University Library System